| 000 | 01190cab a2200337 4500 | ||
|---|---|---|---|
| 001 | ABS52243 | ||
| 008 | 090401t1995 xxu||||| |||| 00| 0 eng d | ||
| 035 | _a(Sirsi) u67785 | ||
| 041 | _aeng | ||
| 245 | _aBuilding renewal: healthcare | ||
| 260 | _c1995 | ||
| 300 | _aLOAN | ||
| 350 | _a0 | ||
| 490 |
_aBuilding _v24 February 1995, 32 |
||
| 520 | _aSpecial feature on healthcare buildings looks at the conversion of former municipal baths to an HIV/AIDS day-care centre, restructuring London`s healthcare, hospital closures and the merger of St Bartholomew`s, the Royal London and the London Chest hospitals, refurbishment of doctors` surgeries, Concludes with a product feature. | ||
| 650 | _aAIDS DAYCARE CENTRE | ||
| 650 | _aCOMMUNITY HEALTH SERVICE | ||
| 650 | _aCONSTRUCTION MARKET | ||
| 650 | _aDOCTORS' SURGERIES | ||
| 650 | _aHEALTH CENTRES | ||
| 650 | _aHEALTH SECTOR | ||
| 650 | _aHEALTH BUILDINGS | ||
| 650 | _aHOSPITALS | ||
| 650 | _aLONDON | ||
| 650 | _aNHS ESTATES | ||
| 650 | _aBUILT ENVIRONMENT-BUILDING MAINTENANCE AND REFURBISHMENT | ||
| 650 | _aROYAL LONDON HOSPITAL | ||
| 690 |
_aRefurbishment _96264 |
||
| 942 | _n0 | ||
| 948 | _c04/03/1997 | ||
| 999 |
_c42457 _d42457 |
||